[Event "BI-2011-F-00009"]
[Site "LSS email"]
[Date "2012.02.12"]
[Round "?"]
[White "Lehnberger, Karl"]
[Black "Petters Merino, Oscar Augusto"]
[Result "1-0"]
[WhiteElo "2103"]
[BlackElo "2054"]
[PlyCount "87"]
[EventDate "2012.02.15"]
[EventType "tourn (corr)"]
[EventRounds "10"]
[EventCountry "GER"]
[SourceTitle "Telechess CBM 165"]
[Source "ChessBase"]
[SourceDate "2015.03.11"]
[SourceVersion "1"]
[SourceVersionDate "2015.03.11"]
[SourceQuality "1"]
[BlackTeam "Argentina"]
[BlackTeamCountry "ARG"]

1. e4 Nf6 2. e5 Nd5 3. d4 d6 4. Nf3 Bg4 5. Be2 e6 6. 0-0 Be7 7. c4 Nb6 8. h3 Bh5 9. Nc3 0-0 10. Be3 d5 11. c5 Bxf3 12. gxf3 N6d7 13. Kh2 Nc6 14. Rg1 Kh8 15. b4 a6 16. f4 f5 17. Bh5 Bh4 18. a3 Qe7 19. Ne2 Rg8 20. Qc2 Rgc8 21. Rg2 Rg8 22. Rag1 g6 23. Bf3 Qg7 24. Qc3 Qh6 25. Nc1 Be7 26. Nd3 Rgc8 27. a4 b6 28. Rb1 bxc5 29. dxc5 Qf8 30. Rc1 Rab8 31. Rgg1 Rd8 32. Qd2 Rb7 33. Rc2 Ndb8 34. Qe1 Na7 35. Rb2 Nbc6 36. Qa1 Rdb8 37. Rgb1 Qg7 38. b5 axb5 39. axb5 Rxb5 40. Rxb5 Rxb5 41. Rxb5 Nxb5 42. Qa8+ Nd8 43. c6 Qf8 44. Qb8 1-0

[Event "BI-2011-F-00009"]
[Site "LSS email"]
[Date "2012.02.12"]
[Round "?"]
[White "Nikel, Bogdan"]
[Black "Petters Merino, Oscar Augusto"]
[Result "0-1"]
[WhiteElo "1907"]
[BlackElo "2054"]
[PlyCount "40"]
[EventDate "2012.02.15"]
[EventType "tourn (corr)"]
[EventRounds "10"]
[EventCountry "GER"]
[SourceTitle "Telechess CBM 165"]
[Source "ChessBase"]
[SourceDate "2015.03.11"]
[SourceVersion "1"]
[SourceVersionDate "2015.03.11"]
[SourceQuality "1"]
[BlackTeam "Argentina"]
[BlackTeamCountry "ARG"]

1. e4 e5 2. Nf3 Nc6 3. Bb5 a6 4. Ba4 Nf6 5. 0-0 Be7 6. Re1 b5 7. Bb3 d6 8. c3 0-0 9. h3 Na5 10. Bc2 c5 11. d4 Qc7 12. Nbd2 cxd4 13. cxd4 Bb7 14. d5 Rac8 15. Bd3 Nd7 16. Nf1 f5 17. exf5 Nc4 18. Ne3 Nxe3 19. fxe3 Bxd5 20. e4 Bb7 0-1

[Event "BI-2011-F-00009"]
[Site "LSS email"]
[Date "2012.02.12"]
[Round "?"]
[White "Petters Merino, Oscar Augusto"]
[Black "Zasinets, Dima"]
[Result "0-1"]
[WhiteElo "2054"]
[BlackElo "2035"]
[PlyCount "44"]
[EventDate "2012.02.15"]
[EventType "tourn (corr)"]
[EventRounds "10"]
[EventCountry "GER"]
[SourceTitle "Telechess CBM 165"]
[Source "ChessBase"]
[SourceDate "2015.03.11"]
[SourceVersion "1"]
[SourceVersionDate "2015.03.11"]
[SourceQuality "1"]
[WhiteTeam "Argentina"]
[WhiteTeamCountry "ARG"]

1. e4 c5 2. Nf3 d6 3. d4 cxd4 4. Nxd4 Nf6 5. Nc3 a6 6. Bg5 e6 7. f4 h6 8. Bh4 Qb6 9. a3 Be7 10. Bf2 Qc7 11. Qe2 Nc6 12. h3 e5 13. Nf3 0-0 14. 0-0-0 exf4 15. Qd2 Be6 16. Qxf4 Rfc8 17. Nd4 b5 18. Nxc6 Qxc6 19. Kb1 a5 20. Bxb5 Qb7 21. a4 Rxc3 22. bxc3 Nxe4 0-1

[Event "CP-2010-Q-00001"]
[Site "LSS email"]
[Date "2012.01.15"]
[Round "?"]
[White "Evtushenko, Sergey Aleksandrovi"]
[Black "Petters Merino, Oscar Augusto"]
[Result "1-0"]
[WhiteElo "2312"]
[BlackElo "2054"]
[PlyCount "45"]
[EventDate "2012.01.20"]
[EventType "tourn (corr)"]
[EventRounds "6"]
[EventCountry "GER"]
[SourceTitle "Telechess CBM 159"]
[Source "ChessBase"]
[SourceDate "2014.03.17"]
[SourceVersion "1"]
[SourceVersionDate "2014.03.17"]
[SourceQuality "1"]

1. e4 g6 2. d4 d6 3. Nc3 Nf6 4. f4 Bg7 5. Nf3 0-0 6. Bd3 Na6 7. 0-0 c5 8. d5 Rb8 9. f5 gxf5 10. exf5 Nc7 11. Ng5 b5 12. Nge4 Ncxd5 13. Nxd5 Nxd5 14. Qh5 f6 15. a4 Nb4 16. Ra3 Nxd3 17. Rxd3 Qe8 18. Qh4 Rf7 19. Rh3 Bf8 20. axb5 Rxb5 21. Qh5 Ra5 22. Bd2 Qa4 23. Rf4 1-0

[Event "CP-2011-P-00018"]
[Site "LSS email"]
[Date "2011.09.30"]
[Round "?"]
[White "Koronowski, Heinz Juergen"]
[Black "Petters Merino, Oscar Augusto"]
[Result "1/2-1/2"]
[WhiteElo "1922"]
[BlackElo "2054"]
[PlyCount "81"]
[EventDate "2011.10.01"]
[EventType "tourn (corr)"]
[EventRounds "6"]
[EventCountry "GER"]
[SourceTitle "Telechess CBM 165"]
[Source "ChessBase"]
[SourceDate "2015.03.11"]
[SourceVersion "1"]
[SourceVersionDate "2015.03.11"]
[SourceQuality "1"]
[BlackTeam "Argentina"]
[BlackTeamCountry "ARG"]

1. e4 e5 2. Nf3 Nc6 3. d4 exd4 4. Nxd4 Nxd4 5. Qxd4 Ne7 6. Bc4 Nc6 7. Qd5 Qf6 8. 0-0 Bb4 9. a3 Ba5 10. e5 Qe6 11. Nd2 0-0 12. Nf3 d6 13. exd6 cxd6 14. Be3 Qxd5 15. Bxd5 Be6 16. Rad1 Bc7 17. c4 Bxd5 18. Rxd5 Rfe8 19. g3 a6 20. b3 f6 21. Bf4 Rad8 22. Rfd1 Ne5 23. Kg2 g5 24. Bd2 Nc6 25. h4 Ne7 26. Rd3 gxh4 27. Nxh4 d5 28. c5 d4 29. Nf3 Nc6 30. b4 b6 31. cxb6 Bxb6 32. Rc1 Re6 33. Bf4 Ne7 34. Rc4 Rc6 35. Rxc6 Nxc6 36. Rd1 Ne7 37. Bc1 Kf7 38. Rh1 Kg6 39. Bb2 h5 40. Rc1 Rd6 41. Re1 1/2-1/2

[Event "CP-2011-P-00018"]
[Site "LSS email"]
[Date "2011.09.30"]
[Round "?"]
[White "Petters Merino, Oscar Augusto"]
[Black "Alvar, Juan"]
[Result "1-0"]
[WhiteElo "2054"]
[BlackElo "1169"]
[PlyCount "63"]
[EventDate "2011.10.01"]
[EventType "tourn (corr)"]
[EventRounds "6"]
[EventCountry "GER"]
[SourceTitle "Telechess CBM 165"]
[Source "ChessBase"]
[SourceDate "2015.03.11"]
[SourceVersion "1"]
[SourceVersionDate "2015.03.11"]
[SourceQuality "1"]
[WhiteTeam "Argentina"]
[WhiteTeamCountry "ARG"]

1. b4 e5 2. Bb2 Qe7 3. e3 d6 4. Nc3 Nf6 5. a4 g6 6. Nf3 Bg7 7. Bc4 c6 8. 0-0 d5 9. Bb3 0-0 10. Ba3 Re8 11. b5 Qc7 12. e4 d4 13. Ng5 dxc3 14. Bxf7+ Qxf7 15. Nxf7 Kxf7 16. d3 Kg8 17. Qe1 cxb5 18. axb5 Bd7 19. Qxc3 a6 20. Bd6 Bxb5 21. Bxe5 Nbd7 22. Bd4 Rac8 23. Qb3+ Kh8 24. f4 Nc5 25. Qb2 Rc6 26. f5 Na4 27. Rxa4 Bxa4 28. fxg6 Ree6 29. g4 Rxc2 30. Qxb7 hxg6 31. g5 Nd7 32. Rf8+ 1-0

[Event "CP-2011-P-00018"]
[Site "LSS email"]
[Date "2011.09.30"]
[Round "?"]
[White "Petters Merino, Oscar Augusto"]
[Black "Knoeppel, Bjoern"]
[Result "1-0"]
[WhiteElo "2054"]
[BlackElo "1988"]
[PlyCount "117"]
[EventDate "2011.10.01"]
[EventType "tourn (corr)"]
[EventRounds "6"]
[EventCountry "GER"]
[SourceTitle "Telechess CBM 165"]
[Source "ChessBase"]
[SourceDate "2015.03.11"]
[SourceVersion "1"]
[SourceVersionDate "2015.03.11"]
[SourceQuality "1"]
[WhiteTeam "Argentina"]
[WhiteTeamCountry "ARG"]

1. d4 d6 2. e4 Nf6 3. Bd3 e5 4. c3 g6 5. f4 Bg7 6. Nf3 exd4 7. cxd4 0-0 8. Nc3 c5 9. dxc5 dxc5 10. e5 Nd5 11. 0-0 Nc6 12. Ne4 Ndb4 13. Bb1 Qb6 14. a3 Na6 15. Be3 Rd8 16. Nd6 Nd4 17. Ng5 Rxd6 18. exd6 Qxd6 19. Ba2 Be6 20. Bxe6 fxe6 21. Kh1 Nc7 22. Qd3 Rd8 23. Bxd4 Bxd4 24. Rae1 Rd7 25. b4 Qd5 26. bxc5 Bxc5 27. Qb1 Qc6 28. Rd1 Nd5 29. Qe4 Rd6 30. Qf3 a6 31. Rfe1 b6 32. f5 gxf5 33. Qg3 f4 34. Qh4 Nf6 35. Qxf4 Rxd1 36. Rxd1 Be7 37. Qg3 Qa4 38. Nxe6+ Qg4 39. Qb3 b5 40. h3 Qg6 41. Rc1 Qf5 42. Rc8+ Kf7 43. Nd8+ Ke8 44. Qf7+ Kd7 45. Rc1 Qd5 46. Ne6 Kd6 47. Rc7 Qd1+ 48. Kh2 Nd5 49. Ra7 Qa4 50. Nf8 Kc5 51. Nd7+ Kd4 52. Qf2+ Kc3 53. Qf3+ Kd4 54. Qg3 Qd1 55. Nb6 Nxb6 56. Rxe7 Nd5 57. Qf2+ Kc4 58. Re4+ Kb3 59. Rd4 1-0